000 01076nam a2200229 i 4500
001 182583
003 ES-MaACL
005 20240514173354.0
008 130930s1870 sp a | |||||||| | spa d
080 _a908(460.33)
080 _a94(460.33)
100 1 _aBisso, José.
_9125996
245 1 0 _aCrónica de la provincia de Murcia /
_cpor José Bisso.
260 _aMadrid :
_bRubio, Grilo y Vitturi,
_c1870.
300 _a78 p., [4] h. de lám., [1] h. de mapas :
_bil. ;
_c33 cm.
490 1 _aCrónica general de España, o sea historia ilustrada y descriptiva de sus provincias, sus poblaciones más importantes de la península y de ultramar
651 4 _aMurcia (Comunidad Autónoma)-
_xDescripción.
_9153485
651 4 _aMurcia (Comunidad Autónoma)-
_xHistoria.
_9153486
830 0 _aCrónica general de España, o sea Historia ilustrada y descriptiva de sus provincias, sus poblaciones más importantes de la península y posesiones de Ultramar
_9224862
852 _aES-MaACL
_jC-1582(4)
_z.- Encuadernado con otras obras
999 _c182583
_d182583